[Event "Titled Tuesday intern op 16th Jan Early"]
[Site "Chess.com INT"]
[Date "2024.01.16"]
[Round "3"]
[White "Eggleston, Thomas"]
[Black "Oganisjan, Roman"]
[Result "0-1"]
[WhiteElo "2188"]
[BlackElo "2245"]
[PlyCount "148"]
[EventDate "2024.01.16"]
[EventType "swiss (blitz)"]
[EventRounds "11"]
[EventCountry "USA"]
[SourceTitle "CB04_2024"]
[SourceDate "2023.10.16"]
[SourceVersion "1"]
[SourceVersionDate "2023.10.16"]
[SourceQuality "1"]

1. e4 e6 2. d4 d5 3. e5 c5 4. c3 Nc6 5. Nf3 Nh6 6. Bd3 cxd4 7. 0-0 Be7 8. Bxh6 gxh6 9. c4 dxc4 10. Bxc4 Rg8 11. Nbd2 b6 12. Rc1 Bb7 13. Bb5 Qd5 14. Qa4 Rc8 15. Qxd4 Qxb5 16. Qf4 Bg5 17. Nxg5 hxg5 18. Qe3 Qxe5 19. Rxc6 Qxe3 20. Rxc8+ Bxc8 21. fxe3 Ke7 22. Rc1 Bd7 23. Ne4 f5 24. Nc3 Rc8 25. Re1 Bc6 26. h4 g4 27. Kf2 e5 28. Kg3 h5 29. Rf1 Ke6 30. Rf2 a6 31. a3 b5 32. Rd2 Bb7 33. Kf2 Rc7 34. Rd3 Rd7 35. Rxd7 Kxd7 36. g3 Ke6 37. Ke2 Bc6 38. Kd3 Kd6 39. b4 Ke6 40. Ke2 Bb7 41. Kf2 Bd5 42. Ke2 Bc4+ 43. Kf2 Kd6 44. Kg2 Kc6 45. Kf2 Kb6 46. Kg2 a5 47. Kf2 axb4 48. axb4 Kc6 49. Kg2 Kd6 50. Kf2 Bd3 51. Kg2 Be4+ 52. Kf2 Bc6 53. Ke2 Ke6 54. Kf2 Kf6 55. Kf1 f4 56. exf4 exf4 57. gxf4 Kf5 58. Kf2 Kxf4 59. Ne2+ Ke5 60. Ng3 Be8 61. Ke3 Bg6 62. Nf1 Kd5 63. Nd2 g3 64. Kf3 Kd4 65. Kxg3 Kc3 66. Nf3 Kxb4 67. Ne5 Be8 68. Kf4 Kc3 69. Kg5 b4 70. Kf6 b3 71. Ke7 b2 72. Kxe8 b1Q 73. Kf7 Qf5+ 74. Ke7 Qxe5+ 0-1

[Event "Titled Tuesday intern op 19th Dec Early"]
[Site "Chess.com INT"]
[Date "2023.12.19"]
[Round "2"]
[White "Oganisjan, Roman"]
[Black "Petrukhina, Olga"]
[Result "0-1"]
[WhiteElo "2245"]
[BlackElo "2100"]
[PlyCount "76"]
[EventDate "2023.12.19"]
[EventType "swiss (blitz)"]
[EventRounds "11"]
[EventCountry "USA"]
[SourceTitle "CB52_2023"]
[SourceDate "2023.12.27"]
[SourceVersion "1"]
[SourceVersionDate "2023.12.27"]
[SourceQuality "1"]

1. e4 e6 2. Nc3 d5 3. Nge2 Nf6 4. e5 Nfd7 5. f4 c5 6. g4 Qh4+ 7. Ng3 h5 8. Nb5 Na6 9. gxh5 Qxf4 10. d4 Qh4 11. c3 cxd4 12. cxd4 Bb4+ 13. Bd2 Be7 14. Qf3 Ndb8 15. Bd3 Nc6 16. Be3 Bd7 17. a3 0-0-0 18. Qxf7 Rdf8 19. Qg6 Nc7 20. Nxc7 Kxc7 21. Ke2 Nxd4+ 22. Bxd4 Qxd4 23. Rac1+ Kb8 24. Rhf1 Bc5 25. Qxg7 Qe3+ 26. Kd1 Qxd3+ 27. Ke1 Qe3+ 28. Kd1 Ba4+ 29. Rc2 Qd3+ 30. Ke1 Qe3+ 31. Kd1 Qd3+ 32. Ke1 Rxf1+ 33. Nxf1 Rf8 34. Qg2 Qxc2 35. Qxc2 Bxc2 36. Ng3 Bh7 37. h6 Bd4 38. Nh5 Bxe5 0-1

[Event "Titled Tuesday intern op 26th Oct"]
[Site "Chess.com INT"]
[Date "2021.10.26"]
[Round "1"]
[White "Oganisjan, Roman"]
[Black "Toncheva, Nadya"]
[Result "1-0"]
[WhiteElo "2245"]
[BlackElo "2247"]
[PlyCount "71"]
[EventDate "2021.10.26"]
[EventType "swiss (blitz)"]
[EventRounds "11"]
[EventCountry "USA"]
[SourceTitle "CBM 204 Extra"]
[Source "ChessBase"]
[SourceDate "2021.11.30"]
[SourceVersion "1"]
[SourceVersionDate "2021.11.30"]
[SourceQuality "1"]

1. e4 c5 2. Nc3 Nc6 3. d3 g6 4. f4 Bg7 5. g4 e6 6. Nf3 Nd4 7. Bg2 Nxf3+ 8. Qxf3 Ne7 9. 0-0 Nc6 10. f5 Nd4 11. Qf2 gxf5 12. exf5 d6 13. f6 Bf8 14. g5 Bd7 15. Bxb7 Rb8 16. Bg2 Rg8 17. h4 Qc7 18. Ne4 Bc6 19. c3 Nf5 20. Re1 Kd8 21. Bf4 Qb6 22. b3 Kd7 23. Bh3 c4 24. Bxf5 Qxf2+ 25. Nxf2 exf5 26. dxc4 h6 27. Rad1 Kc7 28. c5 hxg5 29. hxg5 Rh8 30. cxd6+ Kd7 31. Bh2 Rh5 32. Bf4 Rh4 33. Rd4 Rb6 34. Nd3 Bf3 35. Ne5+ Kc8 36. d7+ 1-0

[Event "Titled Tuesday intern op 26th Oct"]
[Site "Chess.com INT"]
[Date "2021.10.26"]
[Round "2"]
[White "Yeletsky, Ivan"]
[Black "Oganisjan, Roman"]
[Result "1-0"]
[WhiteElo "2460"]
[BlackElo "2245"]
[PlyCount "121"]
[EventDate "2021.10.26"]
[EventType "swiss (blitz)"]
[EventRounds "11"]
[EventCountry "USA"]
[SourceTitle "CBM 204 Extra"]
[Source "ChessBase"]
[SourceDate "2021.11.30"]
[SourceVersion "1"]
[SourceVersionDate "2021.11.30"]
[SourceQuality "1"]

1. c4 e6 2. Nf3 f5 3. b3 Nf6 4. Bb2 g6 5. e3 Bg7 6. Qc2 0-0 7. Be2 b6 8. Nc3 Bb7 9. h4 h6 10. Ne5 Qe8 11. Bf3 c6 12. h5 gxh5 13. Ba3 Ng4 14. Nd3 Rf6 15. Nf4 e5 16. Nxh5 Rf7 17. Bxg4 fxg4 18. Qg6 Qe6 19. Qxe6 dxe6 20. Nxg7 Kxg7 21. Ne4 c5 22. Nd6 Bxg2 23. Rg1 Rd7 24. Ne8+ Kf7 25. Rxg2 Kxe8 26. Rxg4 Rf7 27. Rg6 Ke7 28. Rxh6 Nc6 29. Ke2 Rg8 30. Rh2 e4 31. Rah1 Ne5 32. Rh7 Rgf8 33. R1h2 Nd3 34. Rxf7+ Rxf7 35. Rg2 Kd6 36. Rh2 Rg7 37. f3 Ne5 38. fxe4 Rg4 39. d3 Rg1 40. Rh5 Ra1 41. d4 Rxa2+ 42. Kf1 Rxa3 43. dxe5+ Kc6 44. Rh6 Ra1+ 45. Kf2 Ra2+ 46. Kf3 Kd7 47. Rh7+ Kc6 48. Re7 Rb2 49. Rxe6+ Kd7 50. Rh6 Rxb3 51. Kf4 a5 52. e6+ Kd6 53. e5+ Ke7 54. Kf5 Rxe3 55. Rh7+ Ke8 56. Rb7 Rf3+ 57. Ke4 Rb3 58. Kd5 a4 59. Ra7 a3 60. e7 a2 61. Ke6 1-0

[Event "Titled Tuesday intern op 17th Aug"]
[Site "Chess.com INT"]
[Date "2021.08.17"]
[Round "5"]
[White "Oganisjan, Roman"]
[Black "Barrionuevo, Pablo"]
[Result "1-0"]
[WhiteElo "2245"]
[BlackElo "2259"]
[PlyCount "39"]
[EventDate "2021.08.17"]
[EventType "swiss (blitz)"]
[EventRounds "11"]
[EventCountry "USA"]
[SourceTitle "EXT 2022"]
[Source "ChessBase"]
[SourceDate "2021.10.06"]
[SourceVersion "1"]
[SourceVersionDate "2021.10.06"]
[SourceQuality "1"]

1. e4 d6 2. Nc3 Nf6 3. d4 g6 4. Nf3 Bg7 5. Bf4 c6 6. Qd2 0-0 7. Bh6 b5 8. Bxg7 Kxg7 9. e5 Ne8 10. h4 Bg4 11. Nh2 Be6 12. f4 dxe5 13. fxe5 Bd5 14. h5 Rh8 15. Ng4 Nc7 16. Bd3 Nba6 17. Qh6+ Kg8 18. hxg6 fxg6 19. Bxg6 hxg6 20. Qxg6+ 1-0

[Event "Titled Tuesday intern op 17th Aug"]
[Site "Chess.com INT"]
[Date "2021.08.17"]
[Round "3"]
[White "Terletsky, Oleg"]
[Black "Oganisjan, Roman"]
[Result "0-1"]
[WhiteElo "2191"]
[BlackElo "2245"]
[PlyCount "56"]
[EventDate "2021.08.17"]
[EventType "swiss (blitz)"]
[EventRounds "11"]
[EventCountry "USA"]
[SourceTitle "EXT 2022"]
[Source "ChessBase"]
[SourceDate "2021.10.06"]
[SourceVersion "1"]
[SourceVersionDate "2021.10.06"]
[SourceQuality "1"]

1. e4 e6 2. d4 d5 3. Nd2 Nf6 4. e5 Nfd7 5. Bd3 c5 6. c3 Nc6 7. Ne2 b6 8. 0-0 Bb7 9. f4 g6 10. Nf3 Qc7 11. Be3 0-0-0 12. a3 f6 13. b4 Bh6 14. Bf2 fxe5 15. fxe5 Rdf8 16. bxc5 bxc5 17. Bb5 Rf7 18. Rb1 Rhf8 19. Bg3 Be3+ 20. Kh1 c4 21. Bh4 g5 22. Bg3 h5 23. h3 h4 24. Bh2 g4 25. Nd2 gxh3 26. gxh3 Nb6 27. Rxf7 Qxf7 28. Nf1 Qf3# 0-1

[Event "Titled Tuesday intern op 13th July"]
[Site "Chess.com INT"]
[Date "2021.07.13"]
[Round "1"]
[White "Buker, Muhittin"]
[Black "Oganisjan, Roman"]
[Result "0-1"]
[WhiteElo "1996"]
[BlackElo "2245"]
[PlyCount "64"]
[EventDate "2021.07.13"]
[EventType "swiss (blitz)"]
[EventRounds "11"]
[EventCountry "USA"]
[SourceTitle "CBM 203 Extra"]
[Source "ChessBase"]
[SourceDate "2021.09.30"]
[SourceVersion "1"]
[SourceVersionDate "2021.09.30"]
[SourceQuality "1"]

1. d4 e6 2. c4 f5 3. Nf3 Nf6 4. Nc3 Be7 5. g3 0-0 6. Bg2 Ne4 7. Qc2 Nxc3 8. Qxc3 a5 9. 0-0 d6 10. a3 Bf6 11. Qc2 e5 12. dxe5 dxe5 13. Rd1 Qe7 14. c5 Nc6 15. e3 a4 16. Bd2 e4 17. Nd4 Nxd4 18. exd4 Be6 19. Qc3 Rfd8 20. Bf4 Rd7 21. Bf1 Rad8 22. Be3 c6 23. Bc4 Qf7 24. Bxe6 Qxe6 25. Qb4 Qb3 26. Rac1 Qxb4 27. axb4 Bxd4 28. Bg5 Bxf2+ 29. Kxf2 Rxd1 30. Rxd1 Rxd1 31. Ke2 Rd3 32. Bd2 Rb3 0-1

[Event "Titled Tuesday intern op 13th July"]
[Site "Chess.com INT"]
[Date "2021.07.13"]
[Round "4"]
[White "Steinberg, Nitzan"]
[Black "Oganisjan, Roman"]
[Result "1-0"]
[WhiteElo "2537"]
[BlackElo "2245"]
[PlyCount "73"]
[EventDate "2021.07.13"]
[EventType "swiss (blitz)"]
[EventRounds "11"]
[EventCountry "USA"]
[SourceTitle "CBM 203 Extra"]
[Source "ChessBase"]
[SourceDate "2021.09.30"]
[SourceVersion "1"]
[SourceVersionDate "2021.09.30"]
[SourceQuality "1"]

1. d4 e6 2. c4 f5 3. Nc3 Nf6 4. g3 Be7 5. Bg2 0-0 6. Nh3 d6 7. Nf4 Qe8 8. b3 c6 9. Nd3 e5 10. d5 Kh8 11. Bb2 c5 12. Qd2 a6 13. a4 Qg6 14. e3 f4 15. exf4 Bf5 16. 0-0-0 e4 17. Ne1 b5 18. h3 bxc4 19. bxc4 Nbd7 20. g4 Nxg4 21. hxg4 Qxg4 22. Bh3 Qg6 23. Nc2 Nb6 24. Rdg1 Nxc4 25. Qe2 Nxb2 26. Rxg6 Nd3+ 27. Kd2 Bxg6 28. f5 Bxf5 29. Bxf5 Rxf5 30. Nxe4 Nf4 31. Qg4 Rxd5+ 32. Ke1 Nd3+ 33. Kf1 Rf8 34. Ne3 Re5 35. Rh5 Rxe4 36. Qxe4 Nxf2 37. Qxh7# 1-0

[Event "Titled Tuesday intern op 06th July"]
[Site "Chess.com INT"]
[Date "2021.07.06"]
[Round "1"]
[White "Oganisjan, Roman"]
[Black "Zubov, Alexander"]
[Result "0-1"]
[WhiteElo "2245"]
[BlackElo "2598"]
[PlyCount "78"]
[EventDate "2021.07.06"]
[EventType "swiss (blitz)"]
[EventRounds "11"]
[EventCountry "USA"]
[SourceTitle "EXT 2022"]
[Source "ChessBase"]
[SourceDate "2021.10.06"]
[SourceVersion "1"]
[SourceVersionDate "2021.10.06"]
[SourceQuality "1"]

1. e4 c5 2. Nf3 e6 3. Nc3 a6 4. g4 d5 5. Bg2 Nc6 6. d3 d4 7. Ne2 e5 8. g5 h6 9. Ng3 hxg5 10. Bxg5 Be7 11. h4 Qb6 12. Qc1 c4 13. Bxe7 Ngxe7 14. Qg5 Qxb2 15. 0-0 cxd3 16. cxd3 Qb5 17. Nf5 Bxf5 18. exf5 f6 19. Qxg7 Rg8 20. Qxf6 Qd5 21. Ng5 e4 22. Bxe4 Qe5 23. Qf7+ Kd7 24. Qe6+ Qxe6 25. fxe6+ Kc7 26. f4 Rh8 27. f5 Rxh4 28. Nf3 Rf4 29. Nh2 Rg8+ 30. Kh1 Rh4 31. f6 Rgh8 32. Rf2 Nc8 33. f7 Rf8 34. Rg1 N8e7 35. Rg4 Rh6 36. Rfg2 Rxe6 37. Rg8 Rxf7 38. Nf3 Nxg8 39. Rxg8 Rxe4 0-1

[Event "Batumi Municipality Cup"]
[Site "Batumi"]
[Date "2017.07.10"]
[Round "9"]
[White "Chkhaidze, Nikoloz"]
[Black "Oganisjan, Roman"]
[Result "1-0"]
[WhiteElo "2372"]
[BlackElo "2238"]
[PlyCount "93"]
[EventDate "2017.07.02"]
[EventType "swiss"]
[EventRounds "9"]
[EventCountry "GEO"]
[SourceTitle "CBM 179 Extra"]
[Source "ChessBase"]
[SourceDate "2017.08.23"]
[SourceVersion "1"]
[SourceVersionDate "2017.08.23"]
[SourceQuality "1"]

1. e4 c5 2. Nf3 d6 3. d4 cxd4 4. Nxd4 Nf6 5. Nc3 a6 6. Be3 e6 7. f3 Be7 8. Qd2 Nbd7 9. g4 h6 10. 0-0-0 Qc7 11. h4 Nb6 12. Qf2 Nfd7 13. Kb1 Nc5 14. Nb3 Nba4 15. Bd4 Nxc3+ 16. Bxc3 Rg8 17. Nxc5 Qxc5 18. Bd4 Qc6 19. Rd3 b5 20. f4 Bb7 21. Bg2 b4 22. Rc1 Rc8 23. c4 a5 24. Rdd1 Qa6 25. e5 dxe5 26. Bxb7 Qxb7 27. Bxe5 Qe4+ 28. Ka1 f6 29. Bd4 e5 30. Be3 Rxc4 31. Rxc4 Qxc4 32. fxe5 Qxg4 33. Qc2 fxe5 34. Qc6+ Kf7 35. Rf1+ Bf6 36. Qb7+ Ke6 37. Qc6+ Kf7 38. Qc7+ Ke6 39. Qc6+ Kf7 40. Qc7+ Ke6 41. a4 Re8 42. Bxh6 Qe2 43. Rc1 e4 44. Rc6+ Kf5 45. Qd7+ Kg6 46. Qxg7+ Kh5 47. Rc5+ 1-0

[Event "Batumi Municipality Cup"]
[Site "Batumi"]
[Date "2017.07.09"]
[Round "8"]
[White "Oganisjan, Roman"]
[Black "Mikadze, Miranda"]
[Result "1-0"]
[WhiteElo "2238"]
[BlackElo "2265"]
[PlyCount "47"]
[EventDate "2017.07.02"]
[EventType "swiss"]
[EventRounds "9"]
[EventCountry "GEO"]
[SourceTitle "CBM 179 Extra"]
[Source "ChessBase"]
[SourceDate "2017.08.23"]
[SourceVersion "1"]
[SourceVersionDate "2017.08.23"]
[SourceQuality "1"]

1. e4 c6 2. Nc3 d5 3. Nf3 Bg4 4. h3 Bxf3 5. Qxf3 d4 6. Bc4 Nf6 7. Ne2 e6 8. d3 Nbd7 9. Qg3 c5 10. a4 Be7 11. e5 Nh5 12. Qf3 g6 13. Qxb7 Nxe5 14. Bb5+ Kf8 15. f4 a6 16. fxe5 axb5 17. Bh6+ Kg8 18. 0-0 bxa4 19. Bg5 f6 20. exf6 Nxf6 21. Bxf6 Bxf6 22. Rxf6 Qxf6 23. Qxa8+ Kg7 24. Qa7+ 1-0

[Event "Batumi Municipality Cup"]
[Site "Batumi"]
[Date "2017.07.03"]
[Round "2"]
[White "Oganisjan, Roman"]
[Black "Shoker, Samy"]
[Result "0-1"]
[WhiteElo "2238"]
[BlackElo "2509"]
[PlyCount "75"]
[EventDate "2017.07.02"]
[EventType "swiss"]
[EventRounds "9"]
[EventCountry "GEO"]
[SourceTitle "CBM 179 Extra"]
[Source "ChessBase"]
[SourceDate "2017.08.23"]
[SourceVersion "1"]
[SourceVersionDate "2017.08.23"]
[SourceQuality "1"]

1. e4 g6 2. d4 Bg7 3. Nc3 d6 4. Nf3 a6 5. Bc4 b5 6. Bb3 e6 7. a4 b4 8. Ne2 a5 9. d5 e5 10. c3 Nf6 11. Qc2 Na6 12. Bc4 b3 13. Qb1 Nc5 14. Ng3 h5 15. h4 0-0 16. Ng5 Qe8 17. Be3 Nxa4 18. Bxb3 Nb6 19. c4 a4 20. Ba2 Ng4 21. Bd2 f6 22. Ne6 Bxe6 23. dxe6 c5 24. f3 Nh6 25. Nf5 gxf5 26. exf5 Nc8 27. g4 Qc6 28. Qd3 Nxg4 29. Rg1 e4 30. fxe4 Kh7 31. Qf3 Rg8 32. Ke2 Bh6 33. Bc3 Ra7 34. Rg2 Rag7 35. Rag1 Ne7 36. Kd3 Qb7 37. Bxf6 Nxf6 38. Bb1 0-1

[Event "Batumi Municipality Cup"]
[Site "Batumi"]
[Date "2016.07.03"]
[Round "2"]
[White "Zubov, Alexander"]
[Black "Oganisjan, Roman"]
[Result "1-0"]
[WhiteElo "2614"]
[BlackElo "2311"]
[PlyCount "55"]
[EventDate "2016.07.02"]
[EventType "swiss"]
[EventRounds "9"]
[EventCountry "GEO"]
[SourceTitle "EXT 2017"]
[Source "ChessBase"]
[SourceDate "2016.10.25"]
[SourceVersion "1"]
[SourceVersionDate "2016.10.25"]
[SourceQuality "1"]

1. d4 Nf6 2. c4 c5 3. d5 a6 4. a4 d6 5. Nc3 Bf5 6. f3 h6 7. e4 Bh7 8. Nh3 Nbd7 9. Nf2 e5 10. g3 g5 11. Be3 Nh5 12. a5 Bg7 13. Bd2 Qe7 14. Bh3 0-0 15. 0-0 Rab8 16. Qc2 Rfd8 17. Ncd1 Bf6 18. Ne3 Qf8 19. Qa4 Qe8 20. b4 Be7 21. Bxd7 Rxd7 22. bxc5 dxc5 23. Nfg4 Bf8 24. Rab1 f6 25. Rb6 Kf7 26. Rfb1 Qc8 27. Bc3 Rc7 28. Qb3 1-0

[Event "Batumi Municipality Cup"]
[Site "Batumi"]
[Date "2016.07.02"]
[Round "1"]
[White "Oganisjan, Roman"]
[Black "Sanikidze, Tornike"]
[Result "1/2-1/2"]
[WhiteElo "2311"]
[BlackElo "2533"]
[PlyCount "100"]
[EventDate "2016.07.02"]
[EventType "swiss"]
[EventRounds "9"]
[EventCountry "GEO"]
[SourceTitle "EXT 2017"]
[Source "ChessBase"]
[SourceDate "2016.10.25"]
[SourceVersion "1"]
[SourceVersionDate "2016.10.25"]
[SourceQuality "1"]

1. d4 d5 2. c4 e6 3. Nc3 Bb4 4. Qb3 c5 5. a3 Ba5 6. e3 Nf6 7. Nf3 0-0 8. Bd2 cxd4 9. exd4 Nc6 10. 0-0-0 Ne4 11. Qc2 Nxf2 12. Bg5 f6 13. Bxf6 Rxf6 14. Qxf2 Bxc3 15. bxc3 Bd7 16. Qb2 Rc8 17. c5 b6 18. cxb6 Rb8 19. Bd3 Rxb6 20. Qc2 Na5 21. Kd2 Qe8 22. Rb1 Ba4 23. Qa2 Bb3 24. Qa1 Qb8 25. Rhe1 Qf4+ 26. Re3 Rg6 27. g3 Qh6 28. Ke2 Rf6 29. h4 Qh5 30. Kf2 Nc4 31. Bxc4 dxc4 32. Kg2 Qd5 33. Rf1 Rb8 34. Re5 Qc6 35. d5 exd5 36. Nd4 Rxf1 37. Qxf1 Qd6 38. Qf5 Qxa3 39. Qe6+ Kh8 40. Qd7 Ba4 41. Qxa7 Qd6 42. Re7 Rg8 43. Ne6 Bc2 44. Re8 Qe5 45. Qf7 Qe2+ 46. Kg1 Qe1+ 47. Kh2 Qe2+ 48. Kg1 Qe1+ 49. Kh2 Qe2+ 50. Kg1 Qe1+ 1/2-1/2

[Event "Moscow Aeroflot op-B 15th"]
[Site "Moscow"]
[Date "2016.03.09"]
[Round "9"]
[White "Oganisjan, Roman"]
[Black "Spichkin, Alexander"]
[Result "1-0"]
[WhiteElo "2337"]
[BlackElo "2130"]
[PlyCount "67"]
[EventDate "2016.03.01"]
[EventType "swiss"]
[EventRounds "9"]
[EventCountry "RUS"]
[SourceTitle "CBM 171 Extra"]
[Source "ChessBase"]
[SourceDate "2016.04.26"]
[SourceVersion "1"]
[SourceVersionDate "2016.04.26"]
[SourceQuality "1"]

1. d4 e6 2. c4 f5 3. Nc3 Nf6 4. g3 Be7 5. Bg2 0-0 6. Qb3 c6 7. Nh3 d5 8. Nf4 Na6 9. h4 Ne4 10. Nxe4 dxe4 11. Be3 Qa5+ 12. Kf1 c5 13. Rd1 Rd8 14. d5 e5 15. Nh3 Bd7 16. d6 Ba4 17. Qxb7 Nc7 18. Bd2 Rxd6 19. Bxa5 Rxd1+ 20. Be1 Bd6 21. b3 Be8 22. g4 g6 23. gxf5 gxf5 24. Ng5 Rd8 25. Bh3 Bd7 26. Rg1 Kf8 27. Nxh7+ Kf7 28. Ng5+ Kf6 29. h5 Be8 30. Nh7+ Ke6 31. Qxe4 Be7 32. Bxf5+ Kd6 33. f4 exf4 34. Rg7 1-0

[Event "Moscow Aeroflot op-B 15th"]
[Site "Moscow"]
[Date "2016.03.07"]
[Round "7"]
[White "Oganisjan, Roman"]
[Black "Yuan, Ye"]
[Result "1/2-1/2"]
[WhiteElo "2337"]
[BlackElo "2140"]
[PlyCount "87"]
[EventDate "2016.03.01"]
[EventType "swiss"]
[EventRounds "9"]
[EventCountry "RUS"]
[SourceTitle "CBM 171 Extra"]
[Source "ChessBase"]
[SourceDate "2016.04.26"]
[SourceVersion "1"]
[SourceVersionDate "2016.04.26"]
[SourceQuality "1"]

1. d4 Nf6 2. c4 g6 3. Nc3 d5 4. Bf4 Bg7 5. Rc1 0-0 6. Nf3 dxc4 7. e4 Bg4 8. Bxc4 Nh5 9. Be3 e5 10. d5 Qf6 11. h3 Bxf3 12. Qxf3 Qxf3 13. gxf3 a6 14. Bb3 Nd7 15. Ne2 Rfc8 16. Kd2 Bf8 17. Rc2 Bd6 18. Rhc1 Kf8 19. Ba4 Ke7 20. Kd3 f5 21. Bg5+ Ndf6 22. Ng3 f4 23. Nxh5 gxh5 24. Bxf6+ Kxf6 25. Bd7 Rg8 26. Bf5 Rg7 27. Rc3 h6 28. Rb3 Rb8 29. Be6 Re7 30. a3 Ree8 31. Rbc3 a5 32. Rb3 Re7 33. Rb5 b6 34. Ke2 a4 35. Rc4 Ra8 36. Rc6 Rb8 37. Bf5 Ree8 38. Rc1 Ra8 39. Rc6 Red8 40. Rb4 Rdb8 41. Rbc4 b5 42. Rc2 b4 43. axb4 Rxb4 44. R6c4 1/2-1/2

[Event "Moscow Aeroflot op-B 15th"]
[Site "Moscow"]
[Date "2016.03.05"]
[Round "5"]
[White "Arabidze, Meri"]
[Black "Oganisjan, Roman"]
[Result "0-1"]
[WhiteElo "2390"]
[BlackElo "2337"]
[PlyCount "102"]
[EventDate "2016.03.01"]
[EventType "swiss"]
[EventRounds "9"]
[EventCountry "RUS"]
[SourceTitle "CBM 171 Extra"]
[Source "ChessBase"]
[SourceDate "2016.04.26"]
[SourceVersion "1"]
[SourceVersionDate "2016.04.26"]
[SourceQuality "1"]

1. d4 Nf6 2. c4 c5 3. d5 a6 4. a4 d6 5. Nc3 Bf5 6. Nf3 h6 7. Nd2 g5 8. e4 Bh7 9. Bd3 Nbd7 10. 0-0 Ne5 11. Bc2 Bg7 12. Qe2 Ng6 13. Re1 Nf4 14. Qd1 Nd7 15. Nf1 Ne5 16. Ne3 a5 17. Ra3 Qd7 18. Rb3 h5 19. Nf5 Bf6 20. Ne2 Nxe2+ 21. Rxe2 g4 22. Kh1 h4 23. h3 0-0-0 24. hxg4 Nxg4 25. Qe1 Qc7 26. Rh3 e6 27. Ne3 Rdg8 28. Nd1 Ne5 29. Nc3 b6 30. Nb5 Qd7 31. Qd1 Be7 32. f4 Ng4 33. e5 Bxc2 34. Rxc2 dxe5 35. d6 Bd8 36. Qe2 f6 37. Be3 Nxe3 38. Qxe3 Rg3 39. Qe4 Kb8 40. fxe5 f5 41. Qe2 Qb7 42. Rc3 Rhg8 43. Rcxg3 Rxg3 44. Rxg3 hxg3 45. Kg1 Qh7 46. Qf3 Qh2+ 47. Kf1 Qh1+ 48. Ke2 Qc1 49. Kd3 Qb1+ 50. Kc3 Qe1+ 51. Kc2 Qf2+ 0-1

[Event "Moscow Aeroflot op-B 15th"]
[Site "Moscow"]
[Date "2016.03.02"]
[Round "2"]
[White "Oganisjan, Roman"]
[Black "Li, Di"]
[Result "0-1"]
[WhiteElo "2337"]
[BlackElo "2428"]
[PlyCount "88"]
[EventDate "2016.03.01"]
[EventType "swiss"]
[EventRounds "9"]
[EventCountry "RUS"]
[SourceTitle "CBM 171 Extra"]
[Source "ChessBase"]
[SourceDate "2016.04.26"]
[SourceVersion "1"]
[SourceVersionDate "2016.04.26"]
[SourceQuality "1"]

1. d4 Nf6 2. c4 g6 3. Nc3 d5 4. Bf4 Bg7 5. Rc1 0-0 6. Nf3 c5 7. cxd5 Nxd5 8. Nxd5 Qxd5 9. Rxc5 Qxa2 10. Qc1 Na6 11. Rc3 Nb4 12. e4 Qe6 13. Qe3 Qa2 14. Be2 Qxb2 15. 0-0 a5 16. Rb3 Qa2 17. Ra3 Qb2 18. Rb3 Qa2 19. Ra3 Qb2 20. Rb3 Qa2 21. Ra3 Qe6 22. d5 Qd7 23. Qb6 Qg4 24. g3 e5 25. Bd2 Nc2 26. Ra4 Bd7 27. h3 Qxh3 28. Rc4 Nd4 29. Rxd4 exd4 30. Ng5 Qh6 31. Rd1 d3 32. Bf3 a4 33. Qxb7 a3 34. Nxf7 Qxd2 35. Rxd2 a2 36. Rxa2 Rxa2 37. Ng5 Bh6 38. Ne6 Rxf3 39. Qxd7 Raxf2 40. Qe8+ Bf8 41. Nxf8 Rxf8 42. Qe6+ Kg7 43. Qe5+ Kh6 44. Qd4 d2 0-1

[Event "Moscow Aeroflot op-B 15th"]
[Site "Moscow"]
[Date "2016.03.01"]
[Round "1"]
[White "Papin, Vasily"]
[Black "Oganisjan, Roman"]
[Result "1/2-1/2"]
[WhiteElo "2476"]
[BlackElo "2337"]
[PlyCount "47"]
[EventDate "2016.03.01"]
[EventType "swiss"]
[EventRounds "9"]
[EventCountry "RUS"]
[SourceTitle "CBM 171 Extra"]
[Source "ChessBase"]
[SourceDate "2016.04.26"]
[SourceVersion "1"]
[SourceVersionDate "2016.04.26"]
[SourceQuality "1"]

1. Nf3 c5 2. c4 Nf6 3. Nc3 g6 4. d4 Bg7 5. g3 0-0 6. Bg2 Na6 7. 0-0 d6 8. h3 Rb8 9. e4 Nd7 10. Be3 Nc7 11. a4 a6 12. a5 b6 13. axb6 Nxb6 14. Qe2 Ne6 15. Rfd1 cxd4 16. Nxd4 Nxd4 17. Bxd4 Nd7 18. Bxg7 Kxg7 19. Rab1 a5 20. b3 f6 21. Na4 Ba6 22. Qa2 Qc7 23. Nc3 Nc5 24. Nd5 1/2-1/2

[Event "Moscow op-A"]
[Site "Moscow"]
[Date "2016.02.03"]
[Round "5"]
[White "Oganisjan, Roman"]
[Black "Salemgareev, Tagir"]
[Result "1-0"]
[WhiteElo "2328"]
[BlackElo "2223"]
[PlyCount "49"]
[EventDate "2016.01.30"]
[EventType "swiss"]
[EventRounds "9"]
[EventCountry "RUS"]
[SourceTitle "CBM 170 Extra"]
[Source "ChessBase"]
[SourceDate "2016.02.25"]
[SourceVersion "1"]
[SourceVersionDate "2016.02.25"]
[SourceQuality "1"]

1. d4 Nf6 2. c4 e6 3. Nc3 Bb4 4. Nf3 c5 5. g3 b6 6. Bg2 Bb7 7. d5 0-0 8. 0-0 d6 9. dxe6 fxe6 10. Nb5 d5 11. Ng5 Qe7 12. Bh3 Bc8 13. a3 Ba5 14. b4 a6 15. cxd5 exd5 16. Bxc8 Rxc8 17. Nc3 cxb4 18. Nxd5 Qb7 19. Nxf6+ gxf6 20. Qb3+ Kh8 21. Nf7+ Kg7 22. Nd6 Qd7 23. Nxc8 bxa3 24. Nxb6 Qb7 25. Qd5 1-0

[Event "Abu Dhabi op 23rd"]
[Site "Abu Dhabi"]
[Date "2015.08.30"]
[Round "8"]
[White "Vakhidov, Jahongir"]
[Black "Oganisjan, Roman"]
[Result "1-0"]
[WhiteElo "2525"]
[BlackElo "2328"]
[PlyCount "97"]
[EventDate "2015.08.23"]
[EventType "swiss"]
[EventRounds "9"]
[EventCountry "UAE"]
[SourceTitle "EXT 2016"]
[Source "ChessBase"]
[SourceDate "2015.10.08"]
[SourceVersion "1"]
[SourceVersionDate "2015.10.08"]
[SourceQuality "1"]

1. c4 Nf6 2. Nc3 g6 3. g3 Bg7 4. Bg2 0-0 5. d4 d6 6. Nf3 Nc6 7. 0-0 Bf5 8. Ne1 Qd7 9. e4 Bh3 10. Nc2 Bxg2 11. Kxg2 a6 12. Qe2 e5 13. dxe5 Nxe5 14. f3 Rae8 15. Be3 b6 16. Rad1 Qc6 17. b3 Qb7 18. h3 Nfd7 19. Qd2 Nc5 20. Nd5 a5 21. Bh6 f6 22. Bxg7 Kxg7 23. Nce3 h5 24. Qc3 Ned7 25. Kh2 Ne6 26. Ng2 Qc8 27. Rfe1 Ng5 28. h4 Nh7 29. Ngf4 Ne5 30. Kg2 Kh6 31. Nh3 Rf7 32. a3 g5 33. Ne3 Kg7 34. Nf5+ Kf8 35. Nf2 Re6 36. Rh1 g4 37. f4 Nf3 38. Rd5 Qe8 39. Rhd1 Rd7 40. b4 axb4 41. axb4 Rxe4 42. Nxe4 Qxe4 43. Kf2 Ne5 44. fxe5 Qxf5+ 45. Kg1 Qe6 46. exd6 Rxd6 47. Rxd6 cxd6 48. Re1 Qf5 49. Qe3 1-0